000 01345nam a2200313 4500
001 0000022742
003 CO-CtgCURN
005 20250429224110.0
007 ta
008 160627s2001 000 0 eng d
020 _a9582006196
040 _aCO-CtgCURN
_bspa
_ccoctgcurn
082 0 _a370.7
_bM93c
100 1 _aMuñoz Giraldo, José Federman.
245 1 0 _aCompetencias investigativas para profesionales que forman y enseñan :
_b·Como desarrollarlas? /
_cJosé Federman Muñoz Giraldo, Josefina Quintero Corzo y Raul Ancizar Munevar Molina.
260 _aBogotá :
_bCooperativa Editorial del Magisterio,
_c2001.
300 _a253 p.
336 _2rdacontent
337 _2rdamedia
_asin mediacion
_bn
338 _2rdacarrier
_avolumen
_bnc
490 1 _aColección Aula Abierta
504 _aBibliografia (p. 245-253)
505 8 _aSignificado de la Investigación en la formacion.--Procesos de Investigación y sus diseños.--investigación cualitativa.--Diseños cuantitativos.--Competencias para preguntar.--Competencias observacionales.--Competencias analiticas.--Competencias escriturales
650 1 4 _aFormacion profesional de maestros.
700 1 _aQuintero Corzo, Josefina.
908 _a160627
942 _cBK
_h370.7
_iM93c
_2ddc
999 _c38898
_d38898